Cairngorms National Park Wildlife - Statistics

General Stats
  • This quiz has been taken 32 times
  • The average score is 30 of 36
Answer Stats
Picture Answer % Correct
Adder
100%
Common Raven
100%
Eurasian Red Squirrel
100%
European Badger
100%
European Wildcat
100%
Golden Eagle
100%
Mountain Hare
100%
Red Fox
100%
Eurasian Beaver
95%
European Otter
95%
Great Spotted Woodpecker
95%
Red Deer
95%
Wild Boar
95%
Atlantic Salmon
90%
Black Grouse
90%
Osprey
90%
Pine Marten
90%
Roe Deer
90%
Hawfinch
86%
Peregrine Falcon
86%
Rock Ptarmigan
86%
Stoat
86%
Red grouse
76%
Crested Tit
71%
Eurasian Water Vole
71%
Northern Lapwing
71%
Slow Worm
71%
Western Capercaillie
71%
Common Chaffinch
67%
Common Goldeneye
62%
Scottish Crossbill
62%
Scottish Wood Ant
62%
Bohemian Waxwing
57%
Snow Bunting
57%
Strawberry Spider
52%
Highland Biting Midge
48%
No matching quizzes found
Score Distribution
Percent of People with Each Score
Percentile by Number Answered
Your Score History
You have not taken this quiz